| 000 | 00368 a2200133 4500 | ||
|---|---|---|---|
| 003 | Nust | ||
| 005 | 20170207164336.0 | ||
| 040 | _cNust | ||
| 082 | _a799 | ||
| 245 |
_aOpening Address JSC-MCC-50,Photographs- 2014 _cMCS |
||
| 260 |
_aRawalpindi _bMCS _c04-02-2014 |
||
| 650 | _aPictures of Opening Address JSC-MCC-50 Photographs-2014,(CD No. 24 Vol.I) | ||
| 651 | _aSweet Memories-MCS | ||
| 942 | _cBK | ||
| 999 |
_c208713 _d208713 |
||